Informática para todos / (Record no. 6885)

MARC details
000 -LEADER
campo de control de longitud fija 00703nam a2200241 i 4500
001 - NÚMERO DE CONTROL
campo de control 6885
003 - IDENTIFICADOR DE NÚMERO DE CONTROL
campo de control ES-MaACL
005 - FECHA Y HORA DE LA ÚLTIMA TRANSACCIÓN
campo de control 20230906145121.0
007 - CAMPO FIJO DE DESCRIPCIÓN FÍSICA--INFORMACIÓN GENERAL
campo de control de longitud fija t|
008 - DATOS DE LONGITUD FIJA--INFORMACIÓN GENERAL
campo de control de longitud fija 900710s1986 sp af |||| | spa d
020 ## - NÚMERO INTERNACIONAL ESTÁNDAR DEL LIBRO
Número Internacional Estándar del Libro 84-345-8405-0
080 ## - NÚMERO DE LA CLASIFICACIÓN DECIMAL UNIVERSAL
Número de la Clasificación Decimal Universal 621-52
100 1# - ENTRADA PRINCIPAL--NOMBRE DE PERSONA
Nombre de persona Laurie, Peter.
9 (RLIN) 70651
245 10 - MENCIÓN DEL TÍTULO
Título Informática para todos /
Mención de responsabilidad, etc. Peter Laurie.
260 ## - PUBLICACIÓN, DISTRIBUCIÓN, ETC.
Lugar de publicación, distribución, etc. Barcelona :
Nombre del editor, distribuidor, etc. Salvat,
Fecha de publicación, distribución, etc. [1986]
300 ## - DESCRIPCIÓN FÍSICA
Extensión X, 227 p., [14] p. de lám. col. :
Otras características físicas il. ;
Dimensiones 19 cm.
490 1# - MENCIÓN DE SERIE
Mención de serie Biblioteca científica Salvat ;
Designación de volumen o secuencia 32
650 14 - PUNTO DE ACCESO ADICIONAL DE MATERIA--TÉRMINO DE MATERIA
Término de materia o nombre geográfico como elemento de entrada Ordenadores.
9 (RLIN) 15740
650 ## - PUNTO DE ACCESO ADICIONAL DE MATERIA--TÉRMINO DE MATERIA
Término de materia o nombre geográfico como elemento de entrada Proceso de datos.
9 (RLIN) 16433
830 1# - PUNTO DE ACCESO ADICIONAL DE SERIE-TÍTULO UNIFORME
Título uniforme Biblioteca científica Salvat ;
Designación de volumen o secuencia 32
9 (RLIN) 177703
852 ## - LOCALIZACIÓN
Ubicación ES-MaACL
Número de control de estantería L-14119
Holdings
Estatus retirado Estado de pérdida Estado de daño No para préstamo Biblioteca de origen Biblioteca actual Ubicación en estantería Fecha de adquisición Fuente de adquisición Total de préstamos Signatura topográfica completa Código de barras Visto por última vez Precio de reemplazo Tipo de ítem Koha
        Biblioteca del Ateneo de Madrid Biblioteca del Ateneo de Madrid Depósito 2 17/01/2008     L-14119 1007022 23/02/2023 23/02/2023 Libro impreso